LEADER 01047cam0-22003491i-450 001 990004996250403321 005 20170908121011.0 035 $a000499625 035 $aFED01000499625 035 $a(Aleph)000499625FED01 035 $a000499625 100 $a19990604d1968----km-y0itay50------ba 101 0 $aita 105 $aa---a---001yy 200 1 $aGiornali in crisi$eindagine sulla stampa quotidiana in Italia e nel mondo$fAngelo Del Boca 205 $a4. ed. 210 $aTorino$cAeda$d1968 215 $aXV, 384 p.$d24 cm 300 $aQuesta ricerca è stata svolta grazie ad un contributo della "Fondazione Giovanni Agnelli" di Torino 676 $a070.172 700 1$aDel Boca,$bAngelo$f<1925- >$0136788 801 0$aIT$bUNINA$gRICA$2UNIMARC 901 $aBK 912 $a990004996250403321 952 $a070.172 DEL 1$bFil. Mod. 28947$fFLFBC 952 $aXV H 26$b104$fDTE 952 $aA / DEL 1$b580$fBFS 959 $aFLFBC 959 $aDTE 959 $aBFS 996 $aGiornali in crisi$9508241 997 $aUNINA LEADER 01793nam0 22004693i 450 001 VAN0268517 005 20240322114225.782 017 70$2N$a9781461256540 100 $a20231206d1982 |0itac50 ba 101 $aeng 102 $aUS 105 $a|||| ||||| 200 1 $aInfinite Processes$eBackground to Analysis$fA. Gardiner 210 $aNew York$cSpringer-Verlag$d1982 215 $ax, 306 p.$cill.$d24 cm 606 $a01Axx$xHistory of mathematics and mathematicians [MSC 2020]$3VANC019751$2MF 606 $a26-XX$xReal functions [MSC 2020]$3VANC019778$2MF 606 $a26A03$xFoundations: limits and generalizations, elementary topology of the line [MSC 2020]$3VANC020031$2MF 610 $aAnalysis$9KW:K 610 $aArea$9KW:K 610 $aCalculus$9KW:K 610 $aDesign$9KW:K 610 $aElementary Analysis$9KW:K 610 $aEvolution$9KW:K 610 $aFinite$9KW:K 610 $aFunctions$9KW:K 610 $aMathematica$9KW:K 610 $aMathematics$9KW:K 610 $aPresentation$9KW:K 610 $aVolume$9KW:K 610 $atraining$9KW:K 620 $aUS$dNew York$3VANL000011 700 1$aGardiner$bAnthony$3VANV043873$0440773 712 $aSpringer $3VANV108073$4650 801 $aIT$bSOL$c20240614$gRICA 856 4 $uhttps://doi.org/10.1007/978-1-4612-5654-0$zE-book ? Accesso al full-text attraverso riconoscimento IP di Ateneo, proxy e/o Shibboleth 899 $aBIBLIOTECA DEL DIPARTIMENTO DI MATEMATICA E FISICA$1IT-CE0120$2VAN08 912 $fN 912 $aVAN0268517 950 $aBIBLIOTECA DEL DIPARTIMENTO DI MATEMATICA E FISICA$d08CONS e-book 7568 $e08eMF7568 20231211 996 $aInfinite Processes$93643932 997 $aUNICAMPANIA